| 000 | 00518nam a2200181Ia 4500 | ||
|---|---|---|---|
| 003 | OSt | ||
| 005 | 20230519081705.0 | ||
| 008 | 210423s2001 xx 000 0 und d | ||
| 040 | _cAL | ||
| 041 | _aeng | ||
| 082 |
_a362.6 _223 _bWILU |
||
| 100 |
_aWILSON (Gail). _9109274 |
||
| 245 | _aUnderstanding old age: critical and global perspectives. | ||
| 260 |
_aNew Delhi _bSage Publications _c2001 |
||
| 365 |
_b1242 _cINR |
||
| 906 | _aage: ; critical ; global ; old ; perspectives ; Understanding | ||
| 942 |
_2ddc _cBK |
||
| 999 |
_c172526 _d172526 |
||